000 00736cab a2200277 4500
001 WB3330-34
008 090401t1997 xxu||||| |||| 00| 0 eng d
035 _a(Sirsi) u80021
041 _aeng
245 _aIreland
260 _c1997
350 _a0
490 _aFinancial Times
_v30 July 1997 (4)
520 _aA survey of Ireland looking at the relationship with the UK, the economy, politics, film industry, tourism and education.
650 _aECONOMY
650 _aCAREERS, EDUCATION AND TRAINING
650 _aEIRE
650 _aFILM INDUSTRY
650 _aFOREIGN POLICY
650 _aIRELAND
650 _aPOLITICS
650 _aTOURISM
690 _aOVERSEAS-EUROPE
942 _n0
948 _c30/07/1997
999 _c50362
_d50362